You Are Free (Be Who You Already Are) (Record no. 11988)
[ view plain ]
| 000 -LEADER | |
|---|---|
| fixed length control field | 00329nam a22001217a 4500 |
| 008 - FIXED-LENGTH DATA ELEMENTS--GENERAL INFORMATION | |
| fixed length control field | 220209b ||||| |||| 00| 0 eng d |
| 020 ## - INTERNATIONAL STANDARD BOOK NUMBER | |
| International Standard Book Number | 9780310345527 |
| 100 ## - MAIN ENTRY--PERSONAL NAME | |
| Personal name | Lyons Rebekah |
| 9 (RLIN) | 7547 |
| 245 ## - TITLE STATEMENT | |
| Title | You Are Free (Be Who You Already Are) |
| 260 ## - PUBLICATION, DISTRIBUTION, ETC. (IMPRINT) | |
| Place of publication, distribution, etc. | U.S.A |
| Name of publisher, distributor, etc. | Harper Collins Publishers |
| Date of publication, distribution, etc. | 2017 |
| 300 ## - PHYSICAL DESCRIPTION | |
| Extent | 238.P |
| 942 ## - ADDED ENTRY ELEMENTS (KOHA) | |
| Source of classification or shelving scheme | Dewey Decimal Classification |
| Koha item type | BOOK |
| Withdrawn status | Lost status | Source of classification or shelving scheme | Damaged status | Not for loan | Home library | Current library | Shelving location | Date acquired | Full call number | Barcode | Date last seen | Price effective from | Koha item type |
|---|---|---|---|---|---|---|---|---|---|---|---|---|---|
| Dewey Decimal Classification | Good Samaritan School Library | Good Samaritan School Library | RELIGION | 02/09/2022 | 227.308 , E-10 | LYO16997 | 02/09/2022 | 02/09/2022 | BOOK |